[Event "Moscow-chW 2019"]
[Site "Moscow"]
[Date "2019.04.05"]
[Round "7.2"]
[White "Borisova, Ekaterina"]
[Black "Gvanceladze, Anna"]
[Result "1-0"]
[WhiteElo "2255"]
[BlackElo "2302"]
[Annotator "TA"]
[PlyCount "123"]
[EventDate "2019.03.30"]
[EventType "swiss"]
[EventCountry "RUS"]
[SourceTitle "playchess.com"]
[Source "ChessBase"]
[SourceQuality "1"]

{[%evp 18,123,25,19,18,12,22,15,18,12,10,12,18,15,17,17,18,20,18,13,23,0,13,12,39,19,30,0,45,0,0,0,17,0,0,-9,1,0,0,0,27,0,64,28,51,14,26,15,25,15,15,18,184,184,184,184,184,184,184,184,172,188,201,201,180,180,280,277,281,281,278,274,241,144,144,116,116,89,90,45,51,64,128,128,142,133,265,257,344,343,613,514,514,489,613,554,555,541,983,975,29977,29978,29957,12815,29977,29978,29978,29979]} 1. d4 d5 2. Nf3 Nf6 3. c4 c6 4. g3 g6 5. b3 Bg7 6. Bg2 O-O 7. O-O a5 8. Bb2 Bf5 9. Nc3 Ne4 10. e3 Nxc3 {D78: Fianchetto Grünfeld: 6 0-0 c6} 11. Bxc3 Be4 12. Qe2 e6 {The position is equal.} 13. Bh3 Bxf3 14. Qxf3 f5 15. Qe2 Nd7 {[%cal Bb8d7,Bd7f6,Bf6e4][%mdl 32] [#]} 16. Bg2 $146 ({Predecessor:} 16. f3 Re8 17. Rad1 a4 18. Rfe1 axb3 19. axb3 {½-½ (42) Donchenko,A (2523)-Mamedov,R (2652) Doha 2014}) 16... Nf6 17. a4 Rf7 18. Rfb1 Ne4 19. Bb2 h5 20. f3 Nd6 21. c5 Ne8 22. f4 h4 23. Bc3 hxg3 24. hxg3 g5 25. Kf1 Nf6 26. Ke1 Nd7 27. Qd2 gxf4 28. gxf4 Rf6 29. Kd1 Rg6 (29... b6 $11) 30. Kc2 $14 b6 $1 31. cxb6 Qxb6 32. Bf3 Nf6 33. Rg1 Rxg1 34. Rxg1 Kf7 $2 (34... Rb8 $11 {and Black has nothing to worry.} 35. Rb1 c5) 35. Qg2 $18 Rg8 36. Qg6+ Ke7 37. Bb2 $36 {[%mdl 2048] Black must now prevent Ba3+. Black is under strong pressure.} Qb4 38. Ra1 Qb7 39. Ba3+ Kd8 40. Rg1 {And now Qxf6+! would win.} Qd7 {[#]} 41. Bh5 $1 Rh8 (41... Kc8 $142 42. Qf7 Rd8 43. Qxg7 (43. Rxg7 Nxh5 44. Qxd7+ Rxd7 $16) 43... Qxg7 44. Rxg7 Nxh5) 42. Qxg7 Qxg7 43. Rxg7 Nxh5 {[%mdl 4096] Endgame KRB-KRN} 44. Ra7 Rh6 45. Be7+ ({Resist} 45. Rxa5 $6 Ng3 $16) (45. Bc5 $18) 45... Kc8 $16 46. Bg5 Rg6 47. Rxa5 Kb7 48. b4 Ng3 49. b5 Ne4 (49... Rg8 $14) 50. Ra6 cxb5 51. axb5 Kc7 {[#]} (51... Nxg5 $16 52. fxg5 Rxg5 53. Rxe6 f4 54. exf4 Rf5) 52. Kb3 $1 $18 {[%cal Rb3a3]} Nd6 53. Kb4 Nb7 $2 (53... Ne4 54. Ra7+ Kb8) 54. Rc6+ Kd7 55. Rc1 {b6 is the strong threat.} Nd6 56. Rh1 Rg7 57. Ka5 Nc4+ 58. Ka6 Nxe3 59. b6 Kc6 60. Rh6 Rg8 61. Rxe6+ {[%mdl 64] Double Attack} Kd7 62. Rxe3 {Accuracy: White = 69%, Black = 43%.} 1-0

[Event "Moscow-chW 2019"]
[Site "Moscow"]
[Date "2019.04.05"]
[Round "7.3"]
[White "Smirnova, Ekaterina"]
[Black "Utiatskaja, Irina"]
[Result "0-1"]
[WhiteElo "2153"]
[BlackElo "2210"]
[Annotator "TA"]
[PlyCount "66"]
[EventDate "2019.03.30"]
[EventType "swiss"]
[EventCountry "RUS"]
[SourceTitle "playchess.com"]
[Source "ChessBase"]
[SourceQuality "1"]

{[%evp 26,66,70,40,84,-52,-39,-56,-76,-210,-18,-35,-8,-95,-79,-89,0,-255,-256,-277,-264,-230,-283,-483,-497,-452,-439,-437,-360,-848,-824,-29977,-29976,-2202,-1467,-29990,-29991,-29992,-29993,-29994,-29995,-29995,-29996]} 1. d4 Nf6 2. c4 g6 3. Nc3 Bg7 4. e4 d6 5. f3 O-O 6. Be3 c5 7. Nge2 Nc6 8. d5 Ne5 9. Ng3 h5 10. Be2 {E81: King's Indian: Sämisch: 6th move deviations (including 6 Be3 c6)} h4 11. Nf1 e6 12. Nd2 (12. Bg5 exd5 13. Nxd5 h3 14. gxh3 Bxh3 15. Ng3 Qa5+ 16. b4 Qd8 17. bxc5 Qa5+ {½-½ (89) Sethuraman,S (2631)-Jones,G (2675) Dubai 2018}) 12... exd5 13. cxd5 a6 14. a4 {LiveBook: 31 Games} h3 15. g4 (15. g3 $16) 15... Bxg4 $1 $15 16. fxg4 Nfxg4 17. Nf1 $146 (17. Bf4 $17 Bh6 18. Bxe5 Nxe5 19. Nf3) ({Predecessor:} 17. Bf4 Bh6 18. Bxg4 Bxf4 {0-1 (38) Reilly,T (2153)-Gong,D (2252) Auckland 2017}) 17... Qh4+ $2 (17... Nxe3 $19 18. Nxe3 Bh6) 18. Kd2 $11 f5 {[#] ...f4 is the strong threat.} 19. Bxg4 (19. Qe1 $1 $11 Qxe1+ 20. Kxe1) 19... Nxg4 $17 20. Rg1 Ne5 ({Black should try} 20... b5 $17 {Strongly threatening ...b4.} 21. Qe1 (21. axb5 axb5 22. Rxa8 Rxa8 $17) 21... Qxe1+ 22. Kxe1 b4) 21. exf5 $2 {[%mdl 8192] [#]} (21. Qe2 $1 $11 {and White is okay.}) 21... b5 $1 $19 22. axb5 axb5 {[%cal Ba6b5,Bb5b4][%mdl 32]} 23. Rxa8 Rxa8 24. Rxg6 $2 ({But not} 24. fxg6 Nc4+ 25. Kc2 Bxc3 $19) (24. Rg3 b4 25. Na4) 24... Nxg6 25. fxg6 b4 (25... Bxc3+ $2 26. Kxc3 Qc4+ 27. Kd2 $17) 26. Nb5 Qf6 {Threatens to win with ...Ra2.} 27. Ke2 $2 (27. Qb1 Qf3 28. Nxd6 Qg2+ 29. Kd3 (29. Ke1 $2 Bxb2 30. Nd2 Ra1 $19) 29... Qxd5+ 30. Ke2 Qxd6 31. Qe4 Qa6+ 32. Kf2 Rf8+ 33. Kg3 Bxb2 34. Nd2) 27... Qxg6 28. Qd3 Qg4+ 29. Kd2 Bxb2 30. Nxd6 Qg2+ {Black mates.} 31. Qe2 Bc3+ 32. Kd3 Qxd5+ 33. Kc2 Ra2+ {Precision: White = 19%, Black = 64%.} 0-1

[Event "Moscow-chW 2019"]
[Site "Moscow"]
[Date "2019.04.05"]
[Round "7.4"]
[White "Fominykh, Maria"]
[Black "Miroshnik, Ekaterina"]
[Result "1-0"]
[WhiteElo "2259"]
[BlackElo "1980"]
[Annotator "TA"]
[PlyCount "66"]
[EventDate "2019.03.30"]
[EventType "swiss"]
[EventCountry "RUS"]
[SourceTitle "playchess.com"]
[Source "ChessBase"]
[SourceQuality "1"]

{[%evp 13,66,16,24,19,28,25,14,13,30,25,26,17,50,47,51,49,43,51,104,36,69,40,60,30,104,104,208,70,129,114,218,227,231,229,223,237,238,212,264,250,310,310,476,258,467,463,698,654,764,743,681,632,619,453,29998]} 1. d4 d5 2. c4 e6 3. Nc3 Nf6 4. cxd5 exd5 5. Bg5 Be7 6. e3 c6 7. Bd3 Nbd7 8. h3 {D35: Queen's Gambit Declined: Exchange Variation} (8. Nge2 Nf8 9. O-O Ne6 10. Bh4 g6 11. b4 a6 12. Na4 O-O 13. Nc5 Ng7 14. Rc1 Nfe8 15. Bxe7 Qxe7 16. a4 Nd6 {½-½ (43) Ding,L (2813)-Fedoseev,V (2724) Wijk aan Zee 2019}) 8... b6 $146 ({Predecessor:} 8... O-O 9. Qc2 Re8 10. Nf3 Nf8 11. O-O Be6 12. Ne5 N6d7 13. Bxe7 Qxe7 14. f4 f6 15. Nxd7 Qxd7 16. Rae1 Re7 17. f5 Bf7 18. Qf2 Rae8 19. Qf4 g5 20. fxg6 Bxg6 21. Bxg6 Nxg6 {½-½ (41) Rakhmanov,A (2659)-Berkes,F (2653) Hungary 2017}) 9. Qc2 Bb7 10. Nge2 {The position is equal.} c5 11. Ng3 g6 12. Bh6 Rc8 13. Bg7 Rg8 14. Bh6 c4 15. Be2 Nf8 (15... a6 $14) 16. f4 (16. O-O $16) 16... Ne6 17. Bf3 a6 18. f5 $36 {[%mdl 2048] Black is under pressure.} Ng7 {[#]} (18... Qc7 $11 {keeps the balance.} 19. Nge2 gxf5) 19. O-O $1 $16 Bd6 (19... b5 $16) 20. Nce2 (20. Bg5 $18 Bxg3 21. fxg6 hxg6 22. Bxf6) 20... Qc7 ({Black should try} 20... Nxf5 $14 21. Nxf5 gxf5) 21. Nf4 Qd7 (21... Ngh5 $16 {was worth a try.} 22. Nfxh5 (22. Ngxh5 gxh5 23. Nxh5 Qe7 $16) 22... gxh5 23. Nxh5 Qe7) 22. Bg5 $18 ({Resist} 22. fxg6 $6 hxg6 23. Bg5 Bxf4 $16) 22... Bxf4 23. exf4 Ne4 24. Bxe4 dxe4 25. fxg6 hxg6 26. Nxe4 Qxd4+ 27. Nf2 Ne6 (27... Kf8 $142 28. Rad1 Qc5) 28. Rfe1 (28. Rad1 $142 Qc5 29. Rfe1) 28... Qc5 $2 (28... Qd5 29. Ne4 Qd4+ 30. Kh2 Bxe4 31. Rxe4 Qd6) 29. Rad1 {White is clearly winning.} b5 (29... c3 $142 30. Qd3 Qc7 31. bxc3 Rg7) 30. Qd2 {Intending Qd8+! and mate.} Kf8 31. Bh6+ Rg7 32. Rxe6 fxe6 33. Qd7 {[%mdl 64] [#] Pin} Ra8 {Accuracy: White = 63%, Black = 20%.} (33... Qe7 $18 34. Qxe7+ Kxe7) 1-0

[Event "Moscow-chW 2019"]
[Site "Moscow"]
[Date "2019.04.06"]
[Round "8.1"]
[White "Borisova, Ekaterina"]
[Black "Charochkina, Daria"]
[Result "1-0"]
[WhiteElo "2255"]
[BlackElo "2330"]
[Annotator "NA"]
[PlyCount "49"]
[EventDate "2019.03.30"]
[EventType "swiss"]
[EventCountry "RUS"]
[SourceTitle "playchess.com"]
[Source "ChessBase"]
[SourceQuality "1"]
[TimeControl "5400+30"]

1. d4 {[%emt 0:00:00]} d5 {[%emt 0:02:01]} 2. Nf3 {[%emt 0:00:08]} Nf6 {[%emt 0:00:06]} 3. c4 {[%emt 0:00:04]} c6 {[%emt 0:00:02]} 4. g3 {[%emt 0:00:05]} dxc4 {[%emt 0:00:04]} 5. Bg2 {[%emt 0:00:06]} b5 {[%emt 0:00:24]} 6. Ne5 {[%emt 0:01:15] LiveBook: 29 Games} Bb7 {[%emt 0:00:05]} 7. O-O {[%emt 0:00:51]} e6 {[%emt 0:00:11]} 8. Nc3 {[%emt 0:03:01]} Qc8 {[%emt 0:00:19]} 9. b3 {[%emt 0:05:05]} Nd5 {[%emt 0:34:22]} 10. Qc2 {[%emt 0:11:27]} cxb3 {[%emt 0:11:17]} 11. Qxb3 {[%emt 0:00:57]} Nd7 {[%emt 0:11:25]} 12. Nxd5 {[%emt 0:07:05]} Nxe5 {[%emt 0:01:53]} 13. Nc3 $16 {[%emt 0:05:39]} Nd7 {[%emt 0:02:45]} 14. Ba3 {[%emt 0:06:47]} Bxa3 {[%emt 0:05:54]} 15. Qxa3 {[%emt 0:00:07]} Nb6 {[%emt 0:00:13]} 16. Qc5 {[%emt 0:06:35]} Qd7 {[%emt 0:01:10]} 17. a4 {[%emt 0:03:14]} b4 {[%emt 0:02:48]} 18. Qxb4 {[%emt 0:11:20]} Nd5 {[%emt 0:00:03]} 19. Bxd5 {[%emt 0:00:44]} exd5 {[%emt 0:00:05]} 20. Rfb1 {[%emt 0:03:20]} Ba6 {[%emt 0:00:56]} 21. e4 {[%emt 0:00:17]} f6 {[%emt 0:01:04]} 22. exd5 {[%emt 0:01:44]} cxd5 {[%emt 0:00:03]} 23. Nb5 {[%emt 0:07:23]} Kf7 {[%emt 0:01:10]} 24. Rc1 {[%emt 0:00:50]} Rab8 {[%emt 0:06:18]} 25. Qa5 {[%emt 0:00:21]} 1-0

[Event "Moscow-chW 2019"]
[Site "Moscow"]
[Date "2019.04.06"]
[Round "8.2"]
[White "Utiatskaja, Irina"]
[Black "Fominykh, Maria"]
[Result "1-0"]
[WhiteElo "2210"]
[BlackElo "2259"]
[Annotator "NA"]
[PlyCount "85"]
[EventDate "2019.03.30"]
[EventType "swiss"]
[EventCountry "RUS"]
[SourceTitle "playchess.com"]
[Source "ChessBase"]
[SourceQuality "1"]
[TimeControl "5400+30"]

1. d4 {[%emt 0:00:00]} Nf6 {[%emt 0:03:12]} 2. c4 {[%emt 0:00:26]} c5 {[%emt 0:02:43]} 3. d5 {[%emt 0:00:55]} e6 {[%emt 0:01:02]} 4. Nc3 {[%emt 0:00:06]} exd5 {[%emt 0:00:12]} 5. cxd5 {[%emt 0:00:06]} d6 {[%emt 0:00:02]} 6. e4 {[%emt 0:01:09]} g6 {[%emt 0:00:01]} 7. Bd3 {[%emt 0:01:00]} Bg7 {[%emt 0:00:06] LiveBook: 681 Games} 8. Nge2 {[%emt 0:00:03]} O-O {[%emt 0:00:16]} 9. O-O {[%emt 0:00:09]} Na6 $14 {[%emt 0:02:07]} 10. Ng3 {[%emt 0:00:52]} Re8 {[%emt 0:01:52]} 11. a4 {[%emt 0:10:50]} Nc7 {[%emt 0:01:50]} 12. Bg5 {[%emt 0:08:26]} h6 {[%emt 0:01:41]} 13. Bd2 {[%emt 0:00:56]} b6 {[%emt 0:05:45]} 14. f4 {[%emt 0:04:33]} Ng4 {[%emt 0:15:52]} 15. Nce2 {[%emt 0:03:30]} Ba6 {[%emt 0:36:07]} 16. Bxa6 {[%emt 0:01:40]} Nxa6 {[%emt 0:00:03]} 17. h3 {[%emt 0:01:17]} Nf6 {[%emt 0:00:08]} 18. Nc3 {[%emt 0:01:52]} c4 {[%emt 0:02:42]} 19. Qf3 {[%emt 0:06:11]} Nc5 {[%emt 0:01:11]} 20. Rae1 {[%emt 0:00:16]} Nb3 {[%emt 0:07:54]} 21. Be3 {[%emt 0:03:00]} a6 {[%emt 0:02:41]} 22. e5 {[%emt 0:12:17]} dxe5 {[%emt 0:00:51]} 23. f5 {[%emt 0:03:14]} Nd4 {[%emt 0:08:26]} 24. Qf2 {[%emt 0:00:24]} Kh8 {[%emt 0:03:09]} 25. fxg6 {[%emt 0:09:25]} fxg6 {[%emt 0:00:03]} 26. Bxh6 {[%emt 0:02:05]} Bxh6 {[%emt 0:00:53]} 27. Qxf6+ {[%emt 0:00:03]} Qxf6 {[%emt 0:00:31]} 28. Rxf6 {[%emt 0:00:05]} Rg8 {[%emt 0:01:53]} 29. Rxb6 {[%emt 0:07:47]} Nc2 {[%emt 0:00:18]} 30. Rxe5 {[%emt 0:01:45]} Be3+ {[%emt 0:00:01]} 31. Rxe3 {[%emt 0:00:09]} Nxe3 {[%emt 0:00:02]} 32. Re6 {[%emt 0:02:27]} Nc2 {[%emt 0:00:44]} 33. Nge4 {[%emt 0:02:04]} Nd4 {[%emt 0:00:37]} 34. Rb6 {[%emt 0:03:18]} Rab8 {[%emt 0:00:25]} 35. Rxa6 {[%emt 0:00:03]} Rxb2 {[%emt 0:00:06]} 36. d6 {[%emt 0:00:08]} Rd8 {[%emt 0:02:01]} 37. Ra7 {[%emt 0:00:45]} Nf5 {[%emt 0:00:32]} 38. Nf6 {[%emt 0:02:12]} Ng7 {[%emt 0:00:06]} 39. Rc7 {[%emt 0:01:31]} Rd2 {[%emt 0:00:45]} 40. Nce4 {[%emt 0:00:41]} Rd4 {[%emt 0:00:39]} 41. Ng5 {[%emt 0:00:53]} Rf8 {[%emt 0:00:01]} 42. Nf7+ {[%emt 0:00:25]} Rxf7 {[%emt 0:00:03]} 43. Rxf7 {[%emt 0:00:14]} 1-0

[Event "Moscow-chW 2019"]
[Site "Moscow"]
[Date "2019.04.06"]
[Round "8.3"]
[White "Kirchei, Viktoriia"]
[Black "Smirnova, Ekaterina"]
[Result "1/2-1/2"]
[WhiteElo "2086"]
[BlackElo "2153"]
[Annotator "NA"]
[PlyCount "143"]
[EventDate "2019.03.30"]
[EventType "swiss"]
[EventCountry "RUS"]
[SourceTitle "playchess.com"]
[Source "ChessBase"]
[SourceQuality "1"]
[TimeControl "5400+30"]

1. e4 {[%emt 0:03:55]} e6 {[%emt 0:00:00]} 2. d4 {[%emt 0:00:30]} d5 {[%emt 0:00:00]} 3. Nd2 {[%emt 0:00:04]} c5 {[%emt 0:00:00]} 4. exd5 {[%emt 0:00:12]} Qxd5 {[%emt 0:00:00]} 5. dxc5 {[%emt 0:00:07]} Bxc5 {[%emt 0:00:00]} 6. Ngf3 {[%emt 0:00:51]} Nf6 {[%emt 0:00:03]} 7. Bc4 {[%emt 0:00:15]} Qc6 {[%emt 0:00:16]} 8. Qe2 {[%emt 0:00:08]} O-O {[%emt 0:00:32]} 9. O-O {[%emt 0:04:08]} a6 {[%emt 0:00:09]} 10. Ne5 {[%emt 0:00:50]} Qc7 {[%emt 0:00:25]} 11. Ndf3 {[%emt 0:03:40]} Nbd7 {[%emt 0:06:18]} 12. Nxf7 {[%emt 0:11:25]} Rxf7 {[%emt 0:00:01]} 13. Bxe6 {[%emt 0:00:38]} Nf8 {[%emt 0:06:24]} 14. Bxf7+ {[%emt 0:00:26]} Qxf7 {[%emt 0:00:17]} 15. Ng5 {[%emt 0:03:25]} Bg4 {[%emt 0:01:44]} 16. Qxg4 {[%emt 0:03:16]} Nxg4 {[%emt 0:02:12]} 17. Nxf7 {[%emt 0:00:42]} Kxf7 {[%emt 0:00:02]} 18. h3 {[%emt 0:00:52]} Nf6 {[%emt 0:00:07]} 19. Re1 {[%emt 0:01:15]} Ne6 {[%emt 0:01:37]} 20. Be3 {[%emt 0:02:07]} Bf8 {[%emt 0:04:12]} 21. Rad1 {[%emt 0:02:44]} Rc8 {[%emt 0:00:16]} 22. c3 {[%emt 0:01:34]} Rc4 {[%emt 0:04:22]} 23. g4 {[%emt 0:08:01]} h6 {[%emt 0:01:01]} 24. f3 {[%emt 0:09:03]} g5 {[%emt 0:00:43]} 25. Kg2 {[%emt 0:01:31]} Rc6 {[%emt 0:07:59]} 26. h4 {[%emt 0:00:46]} Bd6 {[%emt 0:01:49]} 27. hxg5 {[%emt 0:00:46]} hxg5 {[%emt 0:00:01]} 28. a4 {[%emt 0:06:27]} Nf4+ {[%emt 0:01:56]} 29. Bxf4 {[%emt 0:00:08]} Bxf4 {[%emt 0:00:09]} 30. Rd4 {[%emt 0:00:35]} a5 {[%emt 0:01:38]} 31. Re2 {[%emt 0:04:13]} Rc8 {[%emt 0:03:26]} 32. Rd3 {[%emt 0:03:48]} b6 {[%emt 0:03:22]} 33. Kf2 {[%emt 0:05:49]} Rh8 {[%emt 0:01:30]} 34. Kg1 {[%emt 0:00:06]} Rc8 {[%emt 0:00:30]} 35. Kf1 {[%emt 0:02:38]} Rc5 {[%emt 0:08:12]} 36. Ke1 {[%emt 0:03:55]} Nd5 {[%emt 0:02:30]} 37. Re4 {[%emt 0:00:38]} Kf6 {[%emt 0:07:26]} 38. Kd1 {[%emt 0:07:53]} Be5 {[%emt 0:04:54]} 39. Kc1 {[%emt 0:02:37]} Nf4 {[%emt 0:06:22]} 40. Rd1 {[%emt 0:00:15]} Ng6 {[%emt 0:00:28]} 41. Rd7 {[%emt 0:00:44]} Rc6 {[%emt 0:00:50]} 42. Rd5 {[%emt 0:00:21]} Bf4+ {[%emt 0:01:09]} 43. Kd1 {[%emt 0:00:24]} Ne5 {[%emt 0:01:03]} 44. Ke2 {[%emt 0:00:07]} Nc4 {[%emt 0:05:22]} 45. b3 {[%emt 0:01:25]} Nd6 {[%emt 0:02:39]} 46. Red4 {[%emt 0:00:13]} Ke6 {[%emt 0:02:16]} 47. c4 {[%emt 0:00:24]} Rc8 {[%emt 0:01:42]} 48. Rd1 {[%emt 0:00:57]} Kd7 {[%emt 0:02:05]} 49. Re1 {[%emt 0:01:56]} Kc6 {[%emt 0:00:30]} 50. Kd3 {[%emt 0:00:12]} Rh8 {[%emt 0:00:41]} 51. Re2 {[%emt 0:01:00]} Rh1 {[%emt 0:00:32]} 52. Kc2 {[%emt 0:00:10]} Rc1+ {[%emt 0:01:28]} 53. Kb2 {[%emt 0:00:02]} Rf1 {[%emt 0:00:05]} 54. Rd3 {[%emt 0:00:07]} Kc5 {[%emt 0:01:01]} 55. Rd5+ {[%emt 0:00:31]} Kc6 {[%emt 0:01:09]} 56. Rd3 {[%emt 0:00:05]} Kd7 {[%emt 0:04:52]} 57. Kc3 {[%emt 0:00:39]} Rh1 {[%emt 0:00:39]} 58. Kd4 {[%emt 0:00:50]} Kc6 {[%emt 0:00:34]} 59. Kc3 {[%emt 0:00:15]} Rh6 {[%emt 0:00:07]} 60. Re7 {[%emt 0:00:25]} Rf6 {[%emt 0:01:32]} 61. Rd5 {[%emt 0:02:05]} Rh6 {[%emt 0:03:18]} 62. Rd3 {[%emt 0:00:07]} Nb7 {[%emt 0:00:18]} 63. Re2 {[%emt 0:02:17]} Nc5 {[%emt 0:00:10]} 64. Rd1 {[%emt 0:00:43]} Rh3 {[%emt 0:00:18]} 65. Rf1 {[%emt 0:00:02]} Nd7 {[%emt 0:02:14]} 66. Re6+ {[%emt 0:00:25]} Kc5 {[%emt 0:01:34]} 67. Kd3 {[%emt 0:01:56]} Kb4 {[%emt 0:00:36]} 68. Kd4 {[%emt 0:00:30]} Kxb3 {[%emt 0:00:51]} 69. Re2 {[%emt 0:00:31]} Kb4 {[%emt 0:01:28]} 70. Rb1+ {[%emt 0:01:17]} Ka3 {[%emt 0:00:01]} 71. Ra1+ {[%emt 0:00:38]} Kb3 {[%emt 0:00:17]} 72. Rb1+ {[%emt 0:00:27]} 1/2-1/2

[Event "Moscow-chW 2019"]
[Site "Moscow"]
[Date "2019.04.06"]
[Round "8.4"]
[White "Mirzoeva, Elmira"]
[Black "Zotova, Anastasia"]
[Result "1-0"]
[WhiteElo "2262"]
[BlackElo "2148"]
[Annotator "NA"]
[PlyCount "91"]
[EventDate "2019.03.30"]
[EventType "swiss"]
[EventCountry "RUS"]
[SourceTitle "playchess.com"]
[Source "ChessBase"]
[SourceQuality "1"]
[TimeControl "5400+30"]

1. d4 {[%emt 0:00:00]} Nf6 {[%emt 0:00:00]} 2. Nf3 {[%emt 0:00:00]} g6 {[%emt 0:00:00]} 3. Nbd2 {[%emt 0:00:15]} d5 {[%emt 0:00:45]} 4. e3 {[%emt 0:00:19]} Bg7 {[%emt 0:00:24]} 5. b4 {[%emt 0:00:30]} O-O {[%emt 0:00:55]} 6. c4 {[%emt 0:01:16] LiveBook: 143 Games} Nbd7 {[%emt 0:01:26]} 7. Be2 {[%emt 0:02:20]} Re8 {[%emt 0:01:28]} 8. Bb2 {[%emt 0:02:14]} b6 {[%emt 0:02:10]} 9. O-O {[%emt 0:01:18]} c5 $14 {[%emt 0:01:59]} 10. dxc5 {[%emt 0:12:33]} bxc5 {[%emt 0:00:18]} 11. b5 {[%emt 0:01:05]} (11. cxd5 $16 cxb4 12. a3) 11... Bb7 {[%emt 0:02:37]} 12. a4 {[%emt 0:02:51]} e5 {[%emt 0:02:44]} 13. cxd5 {[%emt 0:02:22]} e4 {[%emt 0:03:32]} 14. Ng5 {[%emt 0:03:00]} h6 {[%emt 0:02:57]} 15. Nh3 {[%emt 0:01:47]} Nxd5 {[%emt 0:00:51]} 16. Bxg7 {[%emt 0:00:43]} Kxg7 {[%emt 0:00:02]} 17. Qc2 {[%emt 0:02:19]} Qe7 {[%emt 0:04:22]} 18. Rac1 {[%emt 0:05:38]} Rac8 {[%emt 0:01:38]} 19. Rfd1 {[%emt 0:03:54]} Kh7 {[%emt 0:04:08]} 20. a5 {[%emt 0:06:47]} f5 {[%emt 0:03:49]} 21. Nc4 {[%emt 0:09:01]} Ne5 {[%emt 0:03:04]} 22. Qb2 {[%emt 0:01:34]} g5 {[%emt 0:05:23]} 23. Nxe5 {[%emt 0:04:45]} Qxe5 {[%emt 0:00:08]} 24. Qxe5 {[%emt 0:00:03]} Rxe5 {[%emt 0:00:02]} 25. Bc4 {[%emt 0:06:33]} Rc7 {[%emt 0:03:02]} 26. Kf1 {[%emt 0:06:58]} Kg6 {[%emt 0:05:03]} 27. g3 {[%emt 0:04:36]} Kf6 {[%emt 0:04:58]} 28. Rd2 {[%emt 0:05:26]} Ke7 {[%emt 0:02:42]} 29. Ng1 {[%emt 0:03:49]} f4 {[%emt 0:11:40]} 30. exf4 {[%emt 0:00:52]} gxf4 {[%emt 0:00:09]} 31. gxf4 {[%emt 0:00:36]} Nxf4 {[%emt 0:00:14]} 32. Ne2 {[%emt 0:00:15]} Nh3 {[%emt 0:02:08]} 33. Nc3 {[%emt 0:02:31]} Rg5 {[%emt 0:04:23]} 34. Re1 {[%emt 0:05:21]} Rd7 {[%emt 0:03:29]} 35. Rxd7+ {[%emt 0:01:08]} Kxd7 {[%emt 0:00:01]} 36. Re3 {[%emt 0:02:02]} Rg1+ {[%emt 0:01:23]} 37. Ke2 {[%emt 0:00:01]} Nf4+ {[%emt 0:04:27]} 38. Kd2 {[%emt 0:00:02]} Ng2 {[%emt 0:04:45]} 39. Rg3 {[%emt 0:01:01]} e3+ {[%emt 0:03:10]} 40. fxe3 {[%emt 0:00:02]} Ra1 {[%emt 0:00:24]} 41. a6 {[%emt 0:01:19]} Ba8 {[%emt 0:00:14]} 42. Rg7+ {[%emt 0:00:06]} Kd6 {[%emt 0:00:06]} 43. Rxa7 {[%emt 0:00:20]} Bf3 {[%emt 0:00:07]} 44. b6 {[%emt 0:00:23]} Bc6 {[%emt 0:01:20]} 45. b7 {[%emt 0:00:33]} Kc7 {[%emt 0:00:15]} 46. Ra8 {[%emt 0:00:09]} 1-0